[Event "WchT Seniors 50"]
[Site "Prague"]
[Date "2020.03.08"]
[Round "3.26"]
[White "Madalinski, Rainer"]
[Black "Cooke, Mark"]
[Result "1-0"]
[WhiteElo "1796"]
[BlackElo "1424"]
[PlyCount "77"]
[EventDate "2020.03.06"]
[EventType "team-swiss"]
[EventRounds "7"]
[EventCountry "CZE"]
[SourceTitle "CBM 195 Extra"]
[Source "ChessBase"]
[SourceDate "2020.05.31"]
[SourceVersion "1"]
[SourceVersionDate "2020.05.31"]
[SourceQuality "1"]
[WhiteTeam "Germany 50 IX"]
[BlackTeam "Wales 50 II"]
[WhiteTeamCountry "GER"]
[BlackTeamCountry "WLS"]

1. e4 e6 2. d4 d5 3. exd5 exd5 4. Bd3 Nc6 5. c3 h6 6. Ne2 Nf6 7. 0-0 Bd6 8. Ng3 0-0 9. b3 Bg4 10. f3 Be6 11. Nf5 Ne7 12. Nxd6 Qxd6 13. Na3 a6 14. Nc2 Nf5 15. Ba3 Qf4 16. Bxf8 Rxf8 17. Qc1 Qh4 18. Qe1 Qg5 19. Qf2 Nh5 20. f4 Qf6 21. Rae1 Nd6 22. Qf3 g6 23. Ne3 Ng7 24. Nxd5 Bxd5 25. Qxd5 c6 26. Qe5 Qd8 27. Qe7 Ndf5 28. Qxb7 Re8 29. Qxc6 Rxe1 30. Rxe1 Qh4 31. Qe4 Nd6 32. Qe3 Ngf5 33. Bxf5 Nxf5 34. Qf2 Qg4 35. h3 Qh5 36. g4 Qxh3 37. gxf5 Qxf5 38. Re8+ Kg7 39. Qe2 1-0

[Event "WchT Seniors 50"]
[Site "Prague"]
[Date "2020.03.07"]
[Round "2.15"]
[White "Kalvach, Ladislav"]
[Black "Madalinski, Rainer"]
[Result "1-0"]
[WhiteElo "1773"]
[BlackElo "1796"]
[PlyCount "93"]
[EventDate "2020.03.06"]
[EventType "team-swiss"]
[EventRounds "7"]
[EventCountry "CZE"]
[SourceTitle "CBM 195 Extra"]
[Source "ChessBase"]
[SourceDate "2020.05.31"]
[SourceVersion "1"]
[SourceVersionDate "2020.05.31"]
[SourceQuality "1"]
[WhiteTeam "Czech Republic 50 VI"]
[BlackTeam "Germany 50 IX"]
[WhiteTeamCountry "CZE"]
[BlackTeamCountry "GER"]

1. c4 g6 2. g3 Bg7 3. Bg2 c6 4. Nc3 Nf6 5. e4 d6 6. d4 0-0 7. Nf3 d5 8. cxd5 cxd5 9. e5 Ne8 10. Qb3 e6 11. Bg5 f6 12. exf6 Nxf6 13. Ne5 Nc6 14. Rd1 Qc7 15. Nxc6 bxc6 16. Bf4 Qb6 17. Qxb6 axb6 18. Bc7 b5 19. Bd6 Rf7 20. 0-0 Bd7 21. Bh3 Bf8 22. Bxf8 Rfxf8 23. a3 Rab8 24. Rfe1 Kf7 25. f3 Nh5 26. Rd2 Ng7 27. Kf2 Rfe8 28. Rde2 Nf5 29. Bxf5 exf5 30. Rxe8 Rxe8 31. Rxe8 Bxe8 32. Ke3 Kf6 33. h4 h6 34. b3 Ke6 35. a4 Kd6 36. Kf4 Bd7 37. a5 c5 38. dxc5+ Kxc5 39. Ke5 d4 40. Nd5 Bc6 41. Nf4 Bxf3 42. Nd3+ Kc6 43. Kxd4 Be4 44. Ne5+ Kd6 45. Nxg6 Kc6 46. Ne7+ Kd7 47. Ng8 1-0

[Event "WchT Seniors 50"]
[Site "Prague"]
[Date "2020.03.06"]
[Round "1.13"]
[White "Madalinski, Rainer"]
[Black "Barron, Michael"]
[Result "0-1"]
[WhiteElo "1796"]
[BlackElo "2075"]
[PlyCount "58"]
[EventDate "2020.03.06"]
[EventType "team-swiss"]
[EventRounds "7"]
[EventCountry "CZE"]
[SourceTitle "CBM 195 Extra"]
[Source "ChessBase"]
[SourceDate "2020.05.31"]
[SourceVersion "1"]
[SourceVersionDate "2020.05.31"]
[SourceQuality "1"]
[WhiteTeam "Germany 50 IX"]
[BlackTeam "Canada 50"]
[WhiteTeamCountry "GER"]
[BlackTeamCountry "CAN"]

1. e4 e5 2. Nf3 Nc6 3. Bc4 Bc5 4. 0-0 Nf6 5. d3 a6 6. Be3 Bxe3 7. fxe3 0-0 8. a3 d5 9. exd5 Nxd5 10. Bxd5 Qxd5 11. Nc3 Qc5 12. Qe2 Bg4 13. h3 Bh5 14. Qf2 f5 15. e4 Qxf2+ 16. Rxf2 f4 17. Nd5 Rf7 18. Kh2 Re8 19. Raf1 h6 20. c3 g5 21. g4 Bg6 22. b4 Kg7 23. a4 Rd7 24. Rb2 Nb8 25. Ne1 b5 26. axb5 axb5 27. Rf3 c6 28. Nb6 Rb7 29. Na8 Na6 0-1